banner koha

Transferência de autoenxerto osteocondral para tratamento de osteocondrite dissecante em côndilo femoral de cão (Registro n. 300439)

MARC details
000 -LÍDER
fixed length control field 03325nab a2200361 4500
003 - CÓDIGO MARC DA AGÊNCIA CATALOGADORA
Campo de controle BR-BrBNA
005 - DATA E HORA DA ÚLTIMA ATUALIZAÇÃO
Campo de controle 20240708110807.0
008 - CAMPO DE TAMANHO FIXO
fixed length control field 240708b2017 bl.|r|pooa||| 00| 0 por |
040 ## - FONTE DA CATALOGAÇÃO
Agência catalogadora BR-BrBNA
Idioma da catalogação por
072 ## - CATEGORIA AGRIS
Código AGRIS L70
Código do objeto 5400
100 ## - ENTRADA PRINCIPAL - NOME PESSOAL
Nome pessoal Paes, F.
100 ## - ENTRADA PRINCIPAL - NOME PESSOAL
Nome pessoal Ferrigno, C.R.A.
100 ## - ENTRADA PRINCIPAL - NOME PESSOAL
Nome pessoal Marinho, P.V.T.
100 ## - ENTRADA PRINCIPAL - NOME PESSOAL
Nome pessoal Macedo, A.S.
100 ## - ENTRADA PRINCIPAL - NOME PESSOAL
Nome pessoal Bregadioli, T.
100 ## - ENTRADA PRINCIPAL - NOME PESSOAL
Nome pessoal Dal-Bó, I.S.
100 ## - ENTRADA PRINCIPAL - NOME PESSOAL
Nome pessoal Galeazzi, V.S.
100 ## - ENTRADA PRINCIPAL - NOME PESSOAL
Nome pessoal Santos, J.F.
100 ## - ENTRADA PRINCIPAL - NOME PESSOAL
Nome pessoal Ferreira, M.P.
245 ## - TÍTULO PRINCIPAL
Título principal Transferência de autoenxerto osteocondral para tratamento de osteocondrite dissecante em côndilo femoral de cão
500 ## - NOTA GERAL
Nota geral <br/>Publicação online; 12 ref.; 4 Illus.; Summaries (En, Pt)
942 ## - ADDED ENTRY ELEMENTS (KOHA)
Koha item type
520 ## - NOTA DE RESUMO
Nota de conteúdo <br/><br/>RESUMO - Na osteocondrite dissecante (OCD), a articulação do ombro é mais comumente afetada, mas o joelho é ocasionalmente lesionado, o que, muitas vezes, passa desapercebido. O tratamento cirúrgico precoce é indicado para remover cartilagem solta, aliviar a dor e minimizar a artrose. Benefícios putativos da transferência de autoenxerto osteocondral em relação às técnicas convencionais incluem a reconstrução exata do contorno subcondral e articular, recobrimento da superfície com cartilagem hialina e criação de uma barreira imediata entre o líquido sinovial e o osso subcondral. O objetivo deste trabalho é relatar a técnica de transferência de autoenxerto osteocondral para o tratamento da osteocondrite do côndilo femoral. Um cão da raça Bull Terrier foi tratado cirurgicamente por meio da técnica de transferência de autoenxerto osteocondral, após ter sido diagnosticado com OCD do côndilo femoral, apresentando melhora clínica significativa e completa recuperação aos 30 dias de pós-operatório.<br/><br/><br/>Palavras-chave: cão, articulação do joelho, ortopedia
520 ## - NOTA DE RESUMO
Nota de conteúdo <br/><br/>ABSTRACT - In osteochondritis dissecans (OCD), the shoulder joint is most commonly involved, but the stifle is occasionally involved and often goes unnoticed. Early surgical treatment is indicated to remove loose cartilage and minimize osteoartrosis. Putative benefits of Osteochondral Autograft Transfer (OAT) over conventional techniques include accurate reconstruction of subchondral and articular contour, resurfacing with hyaline or hyaline-like cartilage, and creation of an immediate barrier between synovial fluid and subchondral bone. The purpose of this work is to report the technique of OATs for the treatment of osteochondritis of the femoral condyle. A canine attended the Laboratory of Comparative Orthopedics and Traumatology USP-FMVZ underwent surgery after being diagnosed with OCD of the femoral condyle, with significant clinical improvement at 30 days postoperatively.<br/><br/><br/>Keywords: dog, stifle, orthopedics, stifle
650 ## - ASSUNTO - THESAGRO
Cabeçalho tópico ou nome geográfico CÃO
650 ## - ASSUNTO - THESAGRO
Cabeçalho tópico ou nome geográfico CIRURGIA
650 ## - ASSUNTO - THESAGRO
Cabeçalho tópico ou nome geográfico ARTICULAÇÃO
650 ## - ASSUNTO - THESAGRO
Cabeçalho tópico ou nome geográfico ORTOPEDIA
650 ## - ASSUNTO - THESAGRO
Cabeçalho tópico ou nome geográfico VETERINÁRIA
773 0# - ENTRADA ANALÍTICA
Host Biblionumber 1643
Registro do item 316242
Imprenta Belo Horizonte-MG Universidade Federal de Minas Gerais - Escola de Veterinaria 1983
Outro identificador 2024-2643
Título Arquivo Brasileiro de Medicina Veterinária e Zootecnia (Brazil)
ISSN 0102-0935
Colação v. 69(4) p. 927-932; (2017)
Número de controle de registro BR2024001658
856 ## - ACESSO E ENDEREÇO ELETRÔNICO
Identificador uniforme de recurso - URI https://www.scielo.br/j/abmvz/a/ZXG5GNjvRpY7gwZYRsnj6TG/?format=pdf&lang=pt

Nenhum exemplar disponível.

BINAGRI

Telefone: (61)3218-2567/2388/3357/2097 - binagri@agro.gov.br

Ministério da Agricultura e Pecuária , Esplanada dos Ministérios, Bloco D, Anexo B, Brasília/DF, CEP: 70.043-900